Conferencia SPIN 1978 (Record no. 46209)

MARC details
000 -LEADER
campo de control de longitud fija 00802nam a2200205 i 4500
001 - NÚMERO DE CONTROL
campo de control 46209
003 - IDENTIFICADOR DE NÚMERO DE CONTROL
campo de control ES-MaACL
005 - FECHA Y HORA DE LA ÚLTIMA TRANSACCIÓN
campo de control 20230906161338.0
007 - CAMPO FIJO DE DESCRIPCIÓN FÍSICA--INFORMACIÓN GENERAL
campo de control de longitud fija t|
008 - DATOS DE LONGITUD FIJA--INFORMACIÓN GENERAL
campo de control de longitud fija 030328s1979 sp ||||1| spa d
111 2# - ENTRADA PRINCIPAL--NOMBRE DE CONGRESO/REUNIÓN
Nombre de congreso/reunión o jurisdicción como elemento de entrada Conferencia Intergubernamental sobre Estrategias y Políticas en Materia de Informática (
Fecha del congreso o de la firma del tratado 1978.
Sede del congreso/Lugar de la reunión Torremolinos)
9 (RLIN) 204
245 10 - MENCIÓN DEL TÍTULO
Título Conferencia SPIN 1978
Resto del título : actas y documentos.
260 ## - PUBLICACIÓN, DISTRIBUCIÓN, ETC.
Lugar de publicación, distribución, etc. [Madrid] :
Nombre del editor, distribuidor, etc. Presidencia del Gobierno, Secretaria General Tecnica,
Fecha de publicación, distribución, etc. [1979]
300 ## - DESCRIPCIÓN FÍSICA
Extensión 3 v. ;
Dimensiones 30 cm.
490 1# - MENCIÓN DE SERIE
Mención de serie Documentación Informática. Serie blanca
710 1# - ENTRADA AGREGADA--NOMBRE DE ENTIDAD CORPORATIVA
Nombre de entidad corporativa o nombre de jurisdicción como elemento de entrada España.
Unidad subordinada Presidencia del Gobierno.
-- Secretaría General Técnica.
9 (RLIN) 3954
830 0# - PUNTO DE ACCESO ADICIONAL DE SERIE-TÍTULO UNIFORME
Título uniforme Documentación Informática. Serie blanca
9 (RLIN) 186499
852 ## - LOCALIZACIÓN
Ubicación ES-MaACL
Número de control de estantería L-5768-70
Sublocalización o colección R.106072
Holdings
Estatus retirado Estado de pérdida Estado de daño No para préstamo Biblioteca de origen Biblioteca actual Ubicación en estantería Fecha de adquisición Fuente de adquisición Total de préstamos Signatura topográfica completa Código de barras Visto por última vez Precio de reemplazo Tipo de ítem Koha
        Biblioteca del Ateneo de Madrid Biblioteca del Ateneo de Madrid Depósito 2 17/01/2008     L-5768-70 1048606 23/02/2023 23/02/2023 Libro impreso